| 000 | 00628nam a22001577a 4500 | ||
|---|---|---|---|
| 999 |
_c115760 _d115760 |
||
| 003 | OSt | ||
| 005 | 20220810123429.0 | ||
| 008 | 191226b ||||| |||| 00| 0 eng d | ||
| 020 | _a9781108182515 (Online) | ||
| 040 |
_anls _bEng. _cnls |
||
| 245 |
_aJudicial Acts and Investment Treaty Arbitration _c/ By Berk Demirkol |
||
| 260 |
_aCambridge _bCambridge University Press _cDecember 2017 |
||
| 760 | _bPart of Cambridge International Trade and Economic Law | ||
| 856 | _uhttp://www.cambridge.org.eresources.nls.ac.in/core/books/judicial-acts-and-investment-treaty-arbitration/E378FC7FD47D88CB2088D016837918C4 | ||
| 942 |
_2ddc _cEBK |
||